Songs of the saints of India / (Record no. 54944)
[ view plain ]
| 000 -LEADER | |
|---|---|
| fixed length control field | 01304nam a22002657a 4500 |
| 005 - DATE AND TIME OF LATEST TRANSACTION | |
| control field | 20110805120226.0 |
| 020 ## - INTERNATIONAL STANDARD BOOK NUMBER | |
| International Standard Book Number | 0195691201 |
| Terms of availability | 325.00 |
| 020 ## - INTERNATIONAL STANDARD BOOK NUMBER | |
| International Standard Book Number | 9780195694208 |
| Terms of availability | 325.00 |
| 035 ## - SYSTEM CONTROL NUMBER | |
| System control number | B-428002 |
| 037 ## - SOURCE OF ACQUISITION | |
| Source of stock number/acquisition | Allied/DE2010/CR/2777/16.3.11/280/4.3.11/30.3.11 |
| 082 00 - DEWEY DECIMAL CLASSIFICATION NUMBER | |
| Classification number | 891.4312080382 |
| Edition number | 19 |
| 245 00 - TITLE STATEMENT | |
| Title | Songs of the saints of India / |
| Statement of responsibility, etc | text and notes by John Stratton Hawley ; translations by J.S. Hawley and Mark Juergensmeyer. |
| 260 ## - PUBLICATION, DISTRIBUTION, ETC. (IMPRINT) | |
| Place of publication, distribution, etc | New Delhi : |
| Name of publisher, distributor, etc | Oxford University Press, |
| Date of publication, distribution, etc | 2010. |
| 300 ## - PHYSICAL DESCRIPTION | |
| Extent | xii, 244 p. : |
| Other physical details | ill. ; |
| Dimensions | 22 cm. (Pbk) |
| 500 ## - GENERAL NOTE | |
| General note | Includes index.& Bibliography: p. [217]-223. |
| 650 #0 - SUBJECT ADDED ENTRY--TOPICAL TERM | |
| Topical term or geographic name as entry element | Devotional poetry, Indic |
| Form subdivision | Translations into English. |
| 650 #0 - SUBJECT ADDED ENTRY--TOPICAL TERM | |
| Topical term or geographic name as entry element | Poets, Indic |
| Form subdivision | Biography. |
| 650 #0 - SUBJECT ADDED ENTRY--TOPICAL TERM | |
| Topical term or geographic name as entry element | Hindu saints |
| Form subdivision | Biography. |
| 700 1# - ADDED ENTRY--PERSONAL NAME | |
| Personal name | Hawley, John Stratton, |
| Dates associated with a name | 1941- |
| 9 (RLIN) | 31521 |
| 700 1# - ADDED ENTRY--PERSONAL NAME | |
| Personal name | Juergensmeyer, Mark. |
| 9 (RLIN) | 31522 |
| 856 42 - ELECTRONIC LOCATION AND ACCESS | |
| Materials specified | Publisher description |
| Uniform Resource Identifier | http://www.loc.gov/catdir/enhancements/fy0638/87024155-d.html |
| 942 ## - ADDED ENTRY ELEMENTS (KOHA) | |
| Source of classification or shelving scheme | Dewey Decimal Classification |
| Item type | English Books |
| Classification part | 891.4312080382 |
| Call number suffix | SON |
| Withdrawn status | Lost status | Not for loan | Collection code | Home library | Current library | Date acquired | Source of acquisition | Cost, normal purchase price | Full call number | Barcode | Copy number | Cost, replacement price | Koha item type | Public note |
|---|---|---|---|---|---|---|---|---|---|---|---|---|---|---|
| Non-fiction | Central Library | Central Library | 08/08/2011 | Allied/DE2010/CR/2777/16.3.11/280/4.3.11/30.3.11 | 325.00 | 891.4312080382 SON | B-428002 | 1 | 325.00 | English Books | Legal Case (Register 2018) |
